00869nam a2200217 a 450000100100000000500170001000800410002704000250006808200140009310000270010724000330013424501630016726000430033030000210037350000270039470000240042170000420044570000340048795201130052199900170063400003701820200930080103.0120208s1972 ag 000 0 spa d aDO-SdBNPbspacBNPHU axxxxbJ541 aJensen, Finn B.96342010aThe common marketlEspañol10aMercado común europeo :bintegración económica de un continente /cFinn B. Jensen, Ingo Walter; traducido por Inés Haydeé Hülse y José Clementi. aArgentina :bEdiciones Troquel,c1972. a322 p. ;c23 cm. aTraducido del inglés1 aWalter, Ingo9634211 aHülse, Inés Haydeé,etr.9634221 aClementi, José,etr.941126 0010507-18MOaGRbGRcOId2012-02-08iLF1l0oxxxx J54p37018-10r2020-06-25w2020-06-25y1ZNo se presta c36508d36508